El Fascismo (Record no. 113961)

MARC details
000 -LEADER
campo de control de longitud fija 00540nam a2200169 4500
001 - NÚMERO DE CONTROL
campo de control 113961
003 - IDENTIFICADOR DE NÚMERO DE CONTROL
campo de control ES-MaACL
005 - FECHA Y HORA DE LA ÚLTIMA TRANSACCIÓN
campo de control 20230906190038.0
007 - CAMPO FIJO DE DESCRIPCIÓN FÍSICA--INFORMACIÓN GENERAL
campo de control de longitud fija t|
008 - DATOS DE LONGITUD FIJA--INFORMACIÓN GENERAL
campo de control de longitud fija 061121s1938 sp r ||||1| spa d
100 1# - ENTRADA PRINCIPAL--NOMBRE DE PERSONA
Nombre de persona Pagliaro, Antonino.
9 (RLIN) 88298
245 13 - MENCIÓN DEL TÍTULO
Título El Fascismo
Resto del título : comentario a su doctrina /
Mención de responsabilidad, etc. Antonino Pagliaro ; versión española por Claudio de Monfort.
260 ## - PUBLICACIÓN, DISTRIBUCIÓN, ETC.
Lugar de publicación, distribución, etc. Bilbao :
Nombre del editor, distribuidor, etc. La Editorial Vizcaina,
Fecha de publicación, distribución, etc. 1938.
300 ## - DESCRIPCIÓN FÍSICA
Extensión 185 p. ;
Dimensiones 25 cm.
700 1# - ENTRADA AGREGADA--NOMBRE PERSONAL
Nombre de persona Monfort, Claudio de.
9 (RLIN) 82182
852 ## - LOCALIZACIÓN
Ubicación ES-MaACL
Número de control de estantería A-4937
Sublocalización o colección R.16898
Holdings
Estatus retirado Estado de pérdida Estado de daño No para préstamo Biblioteca de origen Biblioteca actual Ubicación en estantería Fecha de adquisición Fuente de adquisición Total de préstamos Signatura topográfica completa Código de barras Visto por última vez Precio de reemplazo Tipo de ítem Koha
        Biblioteca del Ateneo de Madrid Biblioteca del Ateneo de Madrid Sala Pecera Planta 1 17/01/2008     A-4937 1118849 23/02/2023 23/02/2023 Libro impreso